Statistics for MLB Teams Over .667 Win %

Click here to take the quiz!

General Stats

  • This quiz has been taken 18 times
  • The average score is 12 of 14

Answer Stats

#Team% Correct
4Boston Red Sox
100%
2Cincinnati Reds
100%
3Los Angeles Dodgers
100%
8New York Yankees
100%
4Chicago Cubs
94%
4Oakland Athletics
94%
1Pittsburgh Pirates
94%
2Baltimore Orioles
88%
1New York Mets
88%
3St. Louis Cardinals
88%
3San Francisco Giants
82%
1Seattle Mariners
82%
2Cleveland Indians
76%
1Tampa Bay Rays
59%

Score Distribution

Percentile by Number Answered

Percent of People with Each Score

Your Score History

You have not taken this quiz